000 00875cam a2200205 4500
001 WB3828-19
008 020730n2002 000 0 eng u
035 _a(Sirsi) u119105
245 _aProject value rulebook rewrite
260 _c2002
490 _aHM Treasury Press Release
_v (74/02) 24 July 2002, (1)
520 _aTreasury has launched a draft consultation on the "Appraisal and evaluation in central government" (The Green Book). New approach intends to increase transparency and robustness of government public spending decisions, to ensure that investment decisions, with long-term paybacks, are suitably valued. www.hm-treasury.gov.uk/Newsroom_and_Speeches/Press/2002/press_74_02.cfm
590 _aWB
650 _aINVESTMENT
650 _aGREEN BOOK
650 _aEVALUATION
650 _aAPPRAISAL
690 _aProject management
_96261
942 _n0
999 _c70849
_d70849